00501nam a2200157 a 450000100100000000500170001000800410002704000250006808200170009310000290011024500580013926000550019730000210025250000420027365000280031500001935820200929170007.0100626s1970 ag r 000 p spa d aDO-SdBNPbspacBNPHU a861.44bH5281 aHenzo D' Alessio, Rafael10aAntología de la soledad /cRafael Henzo D' Alessio. aBuenos Aires, Argentina :bProlam Editores,c1970. a132 p. ;c20 cm. aIncluye referencias bibliográficas. 4aAntologías literarias